000 00274nam a2200121Ia 4500
008 241002s9999 xx 000 0 und d
082 _a709.02 WIL
100 _aWillem, H. Vanloon
245 4 _aThe Art of Mankind
260 _aLondon:
_c1963
600 _aArt
942 _cUC
999 _c18457
_d18457